Fr. Conceicao Rodrigues College of Engineering

INDUSTRIAL SAFETY (Record no. 27736)

MARC details
000 -LEADER
fixed length control field 00289nam a2200145Ia 4500
100 ## - MAIN ENTRY--PERSONAL NAME
Personal name KULKARNI/K.T.
245 ## - TITLE STATEMENT
Title INDUSTRIAL SAFETY
260 ## - PUBLICATION, DISTRIBUTION, ETC.
Name of publisher, distributor, etc. PRADISH MUDRAN
366 ## - TRADE AVAILABILITY INFORMATION
Publishers's discount category 10
300 ## - PHYSICAL DESCRIPTION
Extent 272
546 ## - LANGUAGE NOTE
Language note ENGLISH
650 ## - SUBJECT ADDED ENTRY--TOPICAL TERM
Topical term or geographic name entry element Production.
654 ## - SUBJECT ADDED ENTRY--FACETED TOPICAL TERMS
Focus term INDL.SAFETY
942 ## - ADDED ENTRY ELEMENTS (KOHA)
Koha item type BOOK
Holdings
Withdrawn status Lost status Damaged status Not for loan Collection Home library Current library Date acquired Source of acquisition Cost, normal purchase price Inventory number Total Checkouts Full call number Barcode Date last seen Cost, replacement price Price effective from Koha item type
        AFT Fr. Agnel's C.Rodrigues College of Engineering Fr. Agnel's C.Rodrigues College of Engineering 17/03/2023 K.T.KULKARNI 225.00 003/DT.13.02.2007   AFT8009 17/03/2023 250.00   BOOK
        AFT Fr. Agnel's C.Rodrigues College of Engineering Fr. Agnel's C.Rodrigues College of Engineering 17/03/2023 K.T.KULKARNI 240.00 003/DT.13.02.2007   AFT8010 17/03/2023 250.00   BOOK